[Event "2.Bl-West"]
[Site "Dornbirn"]
[Date "2004.01.16"]
[Round "6"]
[Board "2"]
[White "Schmidt, Georg"]
[Black "Poettinger, Harald"]
[Result "1/2-1/2"]
[WhiteElo "2376"]
[BlackElo "2238"]
[PlyCount "79"]

1.e4 d6 2.d4 Nf6 3.Nc3 e5 4.Nf3 exd4 5.Nxd4 Be7 6.Bf4 O-O 7.Qd2 d5 8.exd5 Nxd5
9.Nxd5 Qxd5 10.Nb5 Re8 11.Be2 Bb4 12.Qxb4 Nc6 13.Qc3 Qxb5 14.Be3 Qb4 15.O-O-O
Qxc3 16.bxc3 Be6 17.Kb1 Rad8 18.Rxd8 Rxd8 19.Rd1 Rxd1+ 20.Bxd1 Bd5 21.f3 f6
22.Be2 a6 23.c4 Be6 24.Kb2 Kf7 25.Kc3 Ke7 26.Bd3 f5 27.Bf4 Kd7 28.a3 g6 29.Bh6
Ne5 30.Be2 c5 31.Bg7 Nc6 32.f4 Na5 33.Bf8 b6 34.Bh6 Kc7 35.h3 Kd7 36.g4 Kc7
37.Bg7 Kc8 38.Bf6 Kd7 39.Bh4 Kc7 40.Bf6

[Event "2.Bl-West"]
[Site "Dornbirn"]
[Date "2004.01.16"]
[Round "6"]
[Board "3"]
[White "Hugentobler, Patrick"]
[Black "Sprotte, Norbert"]
[Result "1/2-1/2"]
[WhiteElo "2262"]
[BlackElo "2235"]
[PlyCount "66"]

1.e4 e6 2.d4 d5 3.Nc3 Bb4 4.e5 c5 5.a3 Bxc3+ 6.bxc3 Qa5 7.Qd2 b6 8.Nf3 Ne7 9.a4
Ba6 10.Bd3 Nbc6 11.O-O cxd4 12.Bxa6 Qxa6 13.cxd4 h6 14.Ba3 Qc4 15.Bxe7 Kxe7
16.Ra3 Rac8 17.Qd3 Qxd3 18.Rxd3 Na5 19.c3 Rc4 20.Ra1 Rhc8 21.Ra3 Rb4 22.Nd2 Rb2
23.Kf1 Nc4 24.Nxc4 Rxc4 25.Ke1 a5 26.Rd2 Rb1+ 27.Rd1 Rxd1+ 28.Kxd1 Kd7 29.Kc2
Kc6 30.f4 h5 31.g3 g6 32.h3 Kb7 33.Ra1 Ka6

[Event "2.Bl-West"]
[Site "Dornbirn"]
[Date "2004.01.16"]
[Round "6"]
[Board "4"]
[White "Enigl, Karl"]
[Black "Gattenloehner, Sebastian"]
[Result "0-1"]
[WhiteElo "2150"]
[BlackElo "2218"]
[PlyCount "56"]

1.c4 Nf6 2.Nc3 c6 3.d4 d5 4.e3 e6 5.Nf3 Nbd7 6.Qc2 Bd6 7.b3 O-O 8.Be2 Re8 9.O-O
e5 10.cxd5 cxd5 11.Nb5 Bb8 12.dxe5 Nxe5 13.Nxe5 Bxe5 14.Bb2 Bf5 15.Qxf5 Bxb2
16.Rab1 Be5 17.Qd3 Qb6 18.Rfd1 Rad8 19.Nd4 Ne4 20.g3 Qf6 21.Rf1 Rc8 22.Nf3 Nc3
23.Rbc1 d4 24.e4 Nxa2 25.Rxc8 Rxc8 26.Ra1 Nc1 27.Rxc1 Rxc1+ 28.Kg2 a6

[Event "2.Bl-West"]
[Site "Dornbirn"]
[Date "2004.01.16"]
[Round "6"]
[Board "5"]
[White "Mira, Helene"]
[Black "Hamberger, Hermann"]
[Result "1-0"]
[WhiteElo "2096"]
[BlackElo "2157"]
[PlyCount "103"]

1.Nf3 c5 2.c4 Nc6 3.d4 cxd4 4.Nxd4 g6 5.e4 Bg7 6.Be3 d6 7.Be2 Nf6 8.Nc3 O-O
9.O-O Bd7 10.f3 Nxd4 11.Bxd4 Bc6 12.Qd2 Nd7 13.Be3 Re8 14.b4 b6 15.Rac1 a5 16.b5
Bb7 17.Na4 Qc7 18.Rfd1 Rad8 19.Bd3 Nc5 20.Bc2 Bc8 21.Qf2 Be6 22.Bb3 Qb7 23.Rd2
Rc8 24.Rcd1 Nxa4 25.Bxa4 Rxc4 26.Bb3 Rb4 27.Bxe6 fxe6 28.Bxb6 Rxb5 29.Be3 Rc8
30.Qh4 Rb1 31.Rxb1 Qxb1+ 32.Kf2 Bf6 33.Qh3 Rc2 34.Qxe6+ Kg7 35.Qd5 a4 36.Rxc2
Qxc2+ 37.Kg3 Qc3 38.Bd2 Qb2 39.h4 Qd4 40.Bg5 Qxd5 41.exd5 Kf7 42.Kf4 Be5+ 43.Ke4
e6 44.g4 Bg7 45.f4 Bh8 46.dxe6+ Kxe6 47.f5+ gxf5+ 48.gxf5+ Kd7 49.Kd5 Bg7 50.f6
Bf8 51.h5 Ke8 52.Ke6

[Event "2.Bl-West"]
[Site "Dornbirn"]
[Date "2004.01.16"]
[Round "6"]
[Board "6"]
[White "Mroz, Thomas"]
[Black "Heilinger, Dietmar"]
[Result "1-0"]
[WhiteElo "2096"]
[BlackElo "2179"]
[PlyCount "119"]

1.d4 d5 2.Nf3 Nc6 3.Bf4 Bg4 4.e3 e6 5.c4 Nf6 6.Nc3 dxc4 7.Bxc4 Bd6 8.Bxd6 Qxd6
9.Be2 O-O 10.O-O a6 11.Rc1 Rfe8 12.h3 Bh5 13.Na4 Nb4 14.a3 Nbd5 15.Nc5 Qb6
16.Ne5 Bxe2 17.Qxe2 Rad8 18.Nc4 Qa7 19.Na5 Rb8 20.g4 Red8 21.g5 Nd7 22.Qg4 Nf8
23.Qg3 Qb6 24.Nc4 Qc6 25.Ne5 Qe8 26.Ng4 Qe7 27.h4 c6 28.Rfd1 Qc7 29.Qg2 Kh8
30.Kh1 Ne7 31.Ne5 Nf5 32.h5 Qe7 33.Qg4 h6 34.Rg1 hxg5 35.Qxg5 f6 36.Ng6+ Nxg6
37.Qxg6 Rg8 38.Rg4 Nh6 39.Re4 e5 40.dxe5 f5 41.Ne6 Qe8 42.Rh4 Qxg6 43.hxg6 Rge8
44.Nc5 Rbd8 45.Nxb7 Rd2 46.Nd6 Rb8 47.Rxc6 Rdxb2 48.Nf7+ Kg8 49.Nxh6+ gxh6
50.Rf4 R2b6 51.Rf6 Kg7 52.R4xf5 Rxf6 53.Rxf6 Rb5 54.f4 Rb3 55.f5 Rxe3 56.Rf7+
Kg8 57.e6 Rh3+ 58.Kg2 Rxa3 59.e7 Ra2+ 60.Kf1

[Event "2.Bl-West"]
[Site "Dornbirn"]
[Date "2004.01.16"]
[Round "6"]
[Board "1"]
[White "Wegerle, Joerg"]
[Black "Lanka, Zigurds"]
[Result "0-1"]
[WhiteElo "2382"]
[BlackElo "2467"]
[PlyCount "50"]

1.e4 c5 2.Nf3 Nc6 3.Nc3 d6 4.d4 cxd4 5.Nxd4 Nf6 6.Bc4 e6 7.Bb3 Be7 8.Be3 O-O
9.Qe2 d5 10.exd5 exd5 11.O-O-O Bb4 12.Ndb5 Be6 13.a3 a6 14.axb4 axb5 15.Kb1 d4
16.Bxe6 fxe6 17.Qxb5 Ra6 18.Qc4 Qa8 19.Na2 Nd5 20.b5 Ra4 21.Qb3 Ncb4 22.Bxd4
Rxa2 23.Kc1 Qa5 24.c3 Nd3+ 25.Kb1 Rxb2+

[Event "2.Bl-West"]
[Site "Dornbirn"]
[Date "2004.01.16"]
[Round "6"]
[Board "2"]
[White "Maiwald, Jens-Uwe"]
[Black "Herbrechtsmeier, Christof"]
[Result "1-0"]
[WhiteElo "2543"]
[BlackElo "2292"]
[PlyCount "55"]

1.g3 e5 2.Bg2 d5 3.d3 c6 4.Nf3 Bd6 5.O-O Ne7 6.c4 O-O 7.Nc3 dxc4 8.dxc4 Na6
9.Ne4 Bc7 10.Qb3 Nf5 11.c5 Kh8 12.Rd1 Qe7 13.Qc3 h6 14.e3 Be6 15.Bd2 Bd5 16.Qc2
g6 17.b4 Rad8 18.Bc3 Ng7 19.Rd2 Bxe4 20.Qxe4 Rxd2 21.Nxd2 f5 22.Qc2 Nb8 23.Nc4
Nd7 24.Rd1 Qe6 25.Nd6 b6 26.Bxc6 bxc5 27.Bxd7 Qxd7 28.bxc5

[Event "2.Bl-West"]
[Site "Dornbirn"]
[Date "2004.01.16"]
[Round "6"]
[Board "3"]
[White "Duer, Werner"]
[Black "Gross, David"]
[Result "1/2-1/2"]
[WhiteElo "2271"]
[BlackElo "2458"]
[PlyCount "38"]

1.Nf3 Nf6 2.d4 e6 3.Bg5 h6 4.Bxf6 Qxf6 5.e4 d6 6.Bd3 Nd7 7.c3 g6 8.Nbd2 Bg7
9.Qe2 O-O 10.O-O-O e5 11.Nc4 exd4 12.Nxd4 a6 13.Ne3 c5 14.Nd5 Qd8 15.Nc2 b5
16.Nce3 Bb7 17.h4 Nf6 18.h5 Bxd5 19.exd5 Nxh5

[Event "2.Bl-West"]
[Site "Dornbirn"]
[Date "2004.01.16"]
[Round "6"]
[Board "4"]
[White "Tabernig, Bernhard"]
[Black "Lawitsch, Guenther"]
[Result "1-0"]
[WhiteElo "2368"]
[BlackElo "2270"]
[PlyCount "131"]

1.d4 d5 2.c4 c6 3.Nf3 Nf6 4.e3 e6 5.Nc3 Nbd7 6.Bd3 Bd6 7.O-O O-O 8.Qc2 Qe7 9.a3
dxc4 10.Bxc4 e5 11.h3 Bc7 12.Ba2 h6 13.Nh4 Rd8 14.Nf5 Qf8 15.Bd2 Nb6 16.Ne2 a5
17.Rad1 e4 18.Nfg3 Qe7 19.f3 Be6 20.Bxe6 Qxe6 21.fxe4 Nc4 22.Bc1 Bxg3 23.Nxg3 a4
24.e5 Nd7 25.Rf3 f6 26.exf6 Nxf6 27.Rxf6 gxf6 28.Qg6+ Kf8 29.Rf1 Ke7 30.Qh7+ Qf7
31.Nf5+ Ke6 32.Ng7+ Ke7 33.Qe4+ Kf8 34.Ne6+ Kg8 35.Qg4+ Kh7 36.Qf5+ Qg6 37.Nxd8
Rxd8 38.Qxf6 Qxf6 39.Rxf6 Kg7 40.Rf3 c5 41.dxc5 Rd1+ 42.Rf1 Rd5 43.Rf2 Rd1+
44.Rf1 Rd5 45.e4 Rxc5 46.Rf5 Rc6 47.Bf4 Rb6 48.Rc5 Nxb2 49.Rc7+ Kf8 50.Be3 Rb3
51.Bxh6+ Kg8 52.e5 Nd3 53.e6 Rb1+ 54.Kh2 Re1 55.e7 Kf7 56.Rxb7 Rxe7 57.Rxe7+
Kxe7 58.g4 Kf6 59.Kg3 Kg6 60.Be3 Ne5 61.h4 Nc4 62.Bc5 Ne5 63.h5+ Kh7 64.g5 Kg8
65.Bd4 Nc4 66.g6

[Event "2.Bl-West"]
[Site "Dornbirn"]
[Date "2004.01.16"]
[Round "6"]
[Board "5"]
[White "Jannasch, Franz"]
[Black "Kroell, Johannes"]
[Result "0-1"]
[WhiteElo "2170"]
[BlackElo "2192"]
[PlyCount "44"]

1.d4 b5 2.e4 Bb7 3.Bxb5 Bxe4 4.Nf3 e6 5.O-O Nf6 6.Nc3 Bb7 7.a3 c5 8.Re1 a6 9.Ba4
cxd4 10.Nxd4 Qc7 11.Bg5 Bd6 12.Ndb5 axb5 13.Nxb5 Bxh2+ 14.Kh1 Qc6 15.f3 Rxa4
16.Kxh2 Qxb5 17.c4 Rxc4 18.Qd6 Qxg5 19.Qxb8+ Bc8 20.b3 Rh4+ 21.Kg1 Qc5+ 22.Kf1
O-O

[Event "2.Bl-West"]
[Site "Dornbirn"]
[Date "2004.01.16"]
[Round "6"]
[Board "6"]
[White "Schiestl, Josef"]
[Black "Baerner, Helmut"]
[Result "0-1"]
[WhiteElo "2155"]
[BlackElo "2126"]
[PlyCount "68"]

1.e4 g6 2.d4 c6 3.f4 d5 4.e5 h5 5.Nf3 Bg4 6.Bd3 e6 7.O-O Bxf3 8.Qxf3 Nh6 9.c3
Nf5 10.a4 c5 11.Bxf5 gxf5 12.dxc5 Bxc5+ 13.Be3 Qb6 14.Bxc5 Qxc5+ 15.Kh1 Nc6
16.b4 Qb6 17.Na3 a6 18.Rab1 Ne7 19.c4 Qd4 20.Rbd1 Qe4 21.Qf2 dxc4 22.Rd4 Qc6
23.Nxc4 h4 24.b5 axb5 25.axb5 Qc7 26.Rfd1 h3 27.g3 O-O 28.Nd6 Ra3 29.Qf1 Ra2
30.R4d2 Rxd2 31.Rxd2 Ra8 32.Qd1 Qc3 33.Qh5 Ra1+ 34.Rd1 Qe1+

[Event "2.Bl-West"]
[Site "Dornbirn"]
[Date "2004.01.16"]
[Round "6"]
[Board "1"]
[White "Krivoshey, Sergei"]
[Black "Schmittdiel, Eckhard"]
[Result "1/2-1/2"]
[WhiteElo "2501"]
[BlackElo "2483"]
[PlyCount "69"]

1.Nf3 c5 2.c4 Nc6 3.g3 e5 4.Nc3 g5 5.d3 h6 6.Bg2 Bg7 7.Nd2 d6 8.a3 Nge7 9.Nf1
O-O 10.Ne3 a6 11.O-O f5 12.Rb1 Rb8 13.b4 cxb4 14.axb4 b5 15.cxb5 axb5 16.Ned5
Be6 17.Bd2 Nxd5 18.Bxd5 Bxd5 19.Nxd5 Qd7 20.e3 Kh8 21.f3 g4 22.f4 Qe6 23.Qb3
Rfc8 24.Rfc1 Ne7 25.Nxe7 Rxc1+ 26.Bxc1 Qxe7 27.Bd2 Rc8 28.Rc1 Rxc1+ 29.Bxc1 Qb7
30.Qc2 Kh7 31.e4 Kg6 32.Be3 h5 33.fxe5 dxe5 34.Qg2 fxe4 35.Qxe4+

[Event "2.Bl-West"]
[Site "Dornbirn"]
[Date "2004.01.16"]
[Round "6"]
[Board "2"]
[White "Duer, Arne"]
[Black "Umansky, Mikhail"]
[Result "1-0"]
[WhiteElo "2375"]
[BlackElo "2452"]
[PlyCount "121"]

1.d4 Nf6 2.Nf3 c5 3.c3 d5 4.Bf4 Qb6 5.Qb3 Nc6 6.dxc5 Qxc5 7.Nbd2 g6 8.h3 Bg7
9.e3 O-O 10.Be2 Re8 11.Ne5 Nh5 12.Nd3 Qa5 13.Bh2 e5 14.O-O e4 15.Nf4 Nxf4
16.Bxf4 Ne5 17.Qb5 Qd8 18.Rfd1 a6 19.Qb3 Bf5 20.Nf1 Be6 21.Qc2 Qh4 22.Bg3 Qh6
23.Nd2 g5 24.Nb3 Rad8 25.Nd4 Bc8 26.Qd2 f5 27.Rf1 Kh8 28.Rae1 Rf8 29.f4 Ng6
30.Bd1 gxf4 31.exf4 Rg8 32.Kh1 Bf6 33.Re3 Rg7 34.Qe2 Ne7 35.Qh5 Qxh5 36.Bxh5 Nc6
37.Rd1 Nxd4 38.cxd4 Rdg8 39.Kh2 Bd7 40.Be2 Ba4 41.b3 Bb5 42.Bxb5 axb5 43.Rd2 h5
44.Be1 Bxd4 45.Rg3 Rxg3 46.Bxg3 Rxg3 47.Kxg3 h4+ 48.Kxh4 e3 49.Re2 Bc5 50.Kg3 d4
51.Kf3 Kg7 52.Re1 Kf6 53.Ke2 Ke6 54.Kd3 Kd5 55.g4 Ke6 56.a4 bxa4 57.bxa4 b6
58.Rb1 fxg4 59.hxg4 Kd5 60.Rh1 Bb4 61.Rh5+

[Event "2.Bl-West"]
[Site "Dornbirn"]
[Date "2004.01.16"]
[Round "6"]
[Board "3"]
[White "Klundt, Klaus"]
[Black "Pilz, Dieter"]
[Result "1-0"]
[WhiteElo "2365"]
[BlackElo "2349"]
[PlyCount "76"]

1.e4 e5 2.Nf3 Nc6 3.Bb5 Nge7 4.O-O d6 5.c3 Bd7 6.d4 Ng6 7.d5 Nb8 8.c4 Be7 9.Nc3
O-O 10.Be3 f5 11.Bxd7 Nxd7 12.exf5 Rxf5 13.Ne4 h6 14.Rc1 Rf7 15.Nfd2 Nf6
16.Nxf6+ Rxf6 17.Ne4 Rf7 18.Qg4 Kh7 19.g3 b6 20.b4 a5 21.c5 bxc5 22.bxc5 dxc5
23.Qe6 Qf8 24.Bxc5 Re8 25.Qg4 Rd8 26.Rfd1 Bxc5 27.Rxc5 Ne7 28.Rxc7 Nxd5 29.Rxf7
Qxf7 30.Qh4 Qe8 31.Ng5+ Kg8 32.Qc4 hxg5 33.Rxd5 Kh8 34.Rxa5 Rd4 35.Qe2 g4 36.h3
Qd7 37.Rxe5 Rd1+ 38.Kh2 Rd2

[Event "2.Bl-West"]
[Site "Dornbirn"]
[Date "2004.01.16"]
[Round "6"]
[Board "5"]
[White "Hager, Franz"]
[Black "Gerhold, Michael"]
[Result "1-0"]
[WhiteElo "2237"]
[BlackElo "2223"]
[PlyCount "39"]

1.d4 d5 2.c4 dxc4 3.Nf3 Nf6 4.e3 a6 5.Bxc4 b5 6.Bd3 Bb7 7.b4 e5 8.Nxe5 Bxb4+
9.Bd2 Bd6 10.f4 c5 11.O-O cxd4 12.exd4 Bxe5 13.dxe5 Qd4+ 14.Rf2 Nd5 15.Bc3 Nxc3
16.Nxc3 Qxc3 17.Rc1 Qb4 18.Rc7 Ra7 19.e6 Bf3 20.Bxb5+

[Event "2.Bl-West"]
[Site "Dornbirn"]
[Date "2004.01.16"]
[Round "6"]
[Board "6"]
[White "Gruber, Michael"]
[Black "Lickleder, Andreas"]
[Result "0-1"]
[WhiteElo "2123"]
[BlackElo "2227"]
[PlyCount "82"]

1.e4 c5 2.Nf3 d6 3.d4 cxd4 4.Nxd4 Nf6 5.Nc3 a6 6.Be2 e5 7.Nb3 Be7 8.Be3 Be6
9.O-O Nbd7 10.a4 O-O 11.f3 Nb6 12.a5 Nc4 13.Bxc4 Bxc4 14.Re1 Qc7 15.Nc1 Qc6
16.Nd3 Rac8 17.Nb4 Qc7 18.Qd2 Rfe8 19.Rec1 h6 20.Nbd5 Bxd5 21.Nxd5 Nxd5 22.exd5
Bg5 23.Bxg5 hxg5 24.Ra4 Qc5+ 25.Kh1 Qb5 26.b3 f6 27.Rb1 Qd7 28.Rb4 Qf5 29.Rc1 e4
30.Rxe4 Rxe4 31.fxe4 Qxe4 32.c4 Re8 33.b4 Re5 34.Qd1 g4 35.Qf1 f5 36.c5 Rxd5
37.cxd6 Rxd6 38.Re1 Qxb4 39.Qe2 Qe4 40.Qd2 Kh7 41.Qf2 Qd5

[Event "2.Bl-West"]
[Site "Dornbirn"]
[Date "2004.01.16"]
[Round "6"]
[Board "1"]
[White "Dobosz, Henryk"]
[Black "Bezold, Michael"]
[Result "0-1"]
[WhiteElo "2457"]
[BlackElo "2456"]
[PlyCount "80"]

1.Nf3 c5 2.e4 e6 3.b3 b6 4.c4 Bb7 5.Nc3 a6 6.Bb2 Qc7 7.g3 Nf6 8.Qe2 Nc6 9.Bg2 d6
10.O-O Nd7 11.d3 Be7 12.Ne1 Nd4 13.Qd2 Ne5 14.Ne2 Nec6 15.Nc2 Bf6 16.Ncxd4 Nxd4
17.Nxd4 Bxd4 18.Bxd4 cxd4 19.f4 e5 20.b4 a5 21.a3 axb4 22.axb4 O-O 23.Qb2 g6
24.Rxa8 Rxa8 25.Ra1 Qd8 26.Rxa8 Qxa8 27.fxe5 dxe5 28.c5 bxc5 29.bxc5 Qa6 30.Bh3
Qc6 31.Qb4 Kg7 32.Kf2 Ba6 33.Qa3 Bb5 34.Ke1 Qf6 35.Qb3 Qa6 36.Bf1 Qa5+ 37.Ke2
Bd7 38.Qd5 Bg4+ 39.Kf2 Qd2+ 40.Kg1 Qe3+

[Event "2.Bl-West"]
[Site "Dornbirn"]
[Date "2004.01.16"]
[Round "6"]
[Board "2"]
[White "Novkovic, Milan"]
[Black "Riemelmoser, Franz"]
[Result "1/2-1/2"]
[WhiteElo "2371"]
[BlackElo "2287"]
[PlyCount "179"]

1.Nf3 d5 2.c4 c6 3.e3 g6 4.Nc3 Bg7 5.d4 Nf6 6.Be2 O-O 7.O-O Bf5 8.cxd5 cxd5
9.Qb3 Bc8 10.Bd2 Nc6 11.Rfc1 Re8 12.Bb5 Qd6 13.Ne5 Rd8 14.Bxc6 bxc6 15.Na4 Rb8
16.Qc2 Ng4 17.Nxg4 Bxg4 18.h3 Bf5 19.Qxc6 Qxc6 20.Rxc6 Bd7 21.Ra6 Bxa4 22.Rxa4
Rxb2 23.Bb4 e5 24.Bc5 exd4 25.exd4 Re8 26.Rxa7 h5 27.a3 Ree2 28.Rf1 Bh6 29.Re7
Rec2 30.Re8+ Kh7 31.h4 Bf4 32.Re7 Kg7 33.Bb4 Bg3 34.Be1 Bxh4 35.Rd7 Bf6 36.Rxd5
Rc4 37.Rc5 Ra4 38.Bb4 Bxd4 39.Rc4 Bf6 40.Bf8+ Kxf8 41.Rxa4 Ra2 42.Rd1 h4 43.Rf4
Kg7 44.a4 g5 45.Re4 Kg6 46.Kf1 Kf5 47.Rc4 Be5 48.f3 f6 49.Rdc1 Bf4 50.R1c2 Ra3
51.Kf2 Be5 52.Re4 Ke6 53.Ke2 Kd5 54.Rb4 Bc3 55.Rb5+ Ke6 56.f4 gxf4 57.Rh5 Be5
58.Rxh4 Rxa4 59.Rh5 Ra3 60.Rh3 Ra8 61.Rb3 Kf5 62.Kf3 Rg8 63.Ke2 Bd4 64.Kf1 Kg4
65.Rc4 Be5 66.g3 Rb8 67.Rxb8 Bxb8 68.gxf4 Bxf4 69.Kf2 Kf5 70.Kf3 Be5 71.Rc5 Ke6
72.Ke4 Kd6 73.Ra5 Kc6 74.Rd5 Bb2 75.Rd1 Be5 76.Kf5 Kc5 77.Ke4 Kc6 78.Rd2 Kc5
79.Kf5 Kc6 80.Ke6 Kc5 81.Rd1 Kc4 82.Rd5 Bc3 83.Kd6 Bd4 84.Rh5 Be5+ 85.Kc6 Kd4
86.Rh4+ Ke3 87.Kd5 Kf3 88.Rb4 Ke3 89.Re4+ Kf3 90.Rxe5

[Event "2.Bl-West"]
[Site "Dornbirn"]
[Date "2004.01.16"]
[Round "6"]
[Board "3"]
[White "Schmidlechner, Alexander"]
[Black "Feistenauer, Fred"]
[Result "1/2-1/2"]
[WhiteElo "2208"]
[BlackElo "2257"]
[PlyCount "52"]

1.d4 Nf6 2.c4 Nc6 3.Nf3 e6 4.Nc3 Bb4 5.Qc2 d6 6.Bg5 h6 7.Bxf6 Qxf6 8.a3 Bxc3+
9.Qxc3 e5 10.e3 O-O 11.Be2 Bg4 12.d5 Nb8 13.O-O Nd7 14.Rfe1 Qg6 15.Nh4 Qh5
16.Bxg4 Qxg4 17.Nf3 f5 18.Qc2 a5 19.b3 Qh5 20.Qe2 f4 21.Nd2 Qg6 22.exf4 Rxf4
23.Ne4 Raf8 24.b4 Nf6 25.Nxf6+ Qxf6 26.Ra2 axb4

[Event "2.Bl-West"]
[Site "Dornbirn"]
[Date "2004.01.16"]
[Round "6"]
[Board "4"]
[White "Grabher, Heinz"]
[Black "Eisenbeiser, Amadeus"]
[Result "0-1"]
[WhiteElo "2234"]
[BlackElo "2223"]
[PlyCount "94"]

1.e4 g6 2.d4 Bg7 3.Nc3 d6 4.f4 a6 5.Nf3 Nd7 6.Bc4 e6 7.O-O b5 8.Bd3 Bb7 9.f5 c5
10.fxe6 fxe6 11.d5 Bf6 12.dxe6 Nf8 13.Nd5 Nxe6 14.Nxf6+ Nxf6 15.c4 O-O 16.Bh6
Re8 17.Qb3 b4 18.Rae1 Ng4 19.Bc1 Ne5 20.Qd1 Qe7 21.b3 Rf8 22.Bc2 Rf7 23.Nd2 Raf8
24.Rxf7 Rxf7 25.Rf1 Rxf1+ 26.Nxf1 Nd4 27.Ne3 Nxc2 28.Qxc2 Qh4 29.Qe2 Qxe4 30.Qf1
Nd3 31.Bd2 Nf4 32.Nd5 Nxd5 33.cxd5 Qd4+ 34.Qf2 Qxf2+ 35.Kxf2 Kf7 36.Ke3 Bxd5
37.g3 Ke6 38.Kd3 a5 39.Bh6 Bc6 40.Kc4 a4 41.bxa4 Bxa4 42.Bc1 Kd7 43.a3 bxa3
44.Bxa3 Kc6 45.Bc1 d5+ 46.Kd3 d4 47.Ke4 Kd6

[Event "2.Bl-West"]
[Site "Dornbirn"]
[Date "2004.01.16"]
[Round "6"]
[Board "5"]
[White "Scheffknecht, Philipp"]
[Black "Atlas, Dimitry"]
[Result "1/2-1/2"]
[WhiteElo "2162"]
[BlackElo "2281"]
[PlyCount "126"]

1.d4 d5 2.Nf3 e6 3.c4 c6 4.Nc3 Nf6 5.e3 Nbd7 6.Bd3 dxc4 7.Bxc4 b5 8.Bd3 Bb7
9.O-O b4 10.Na4 c5 11.dxc5 Bxc5 12.Nxc5 Nxc5 13.Bb5+ Ke7 14.Bd2 Qb6 15.Qe2 a5
16.Rfd1 Nfe4 17.Be1 Rhd8 18.Nd4 Nd6 19.Bd3 Nxd3 20.Qxd3 Be4 21.Qe2 e5 22.Nf3 f6
23.Nd2 Bg6 24.f3 Rac8 25.Rdc1 Rc6 26.Rxc6 Qxc6 27.Nb3 Qb6 28.Rc1 Bf7 29.Bf2 Bxb3
30.axb3 Qb5 31.Kf1 Qxe2+ 32.Kxe2 Rc8 33.Rxc8 Nxc8 34.Kd3 Kd6 35.f4 exf4 36.exf4
Kd5 37.g4 g6 38.Bh4 f5 39.gxf5 gxf5 40.Bd8 Na7 41.Bxa5 Kc5 42.Bd8 Nc6 43.Bh4 Kd5
44.Be1 Kc5 45.Bh4 Kd5 46.Bf6 Nb8 47.Be7 Na6 48.Bf8 Nc5+ 49.Ke3 Na6 50.Kf3 Kd4
51.Kg3 Nc5 52.Kh4 Nd3 53.Kg5 Ke4 54.Bd6 Kd5 55.Bf8 Ke4 56.h4 Nxf4 57.Bxb4 Nd3
58.Bd6 f4 59.Kh6 f3 60.Bg3 Kf5 61.Kh5 Nf4+ 62.Kh6 Nd3 63.Kh5 Nf4+

[Event "2.Bl-West"]
[Site "Dornbirn"]
[Date "2004.01.16"]
[Round "6"]
[Board "6"]
[White "Burschowsky, Matthias"]
[Black "Kranz, Armin"]
[Result "0-1"]
[WhiteElo "2186"]
[BlackElo "2146"]
[PlyCount "86"]

1.Nf3 Nf6 2.c4 c5 3.Nc3 b6 4.g3 Bb7 5.Bg2 e6 6.O-O a6 7.e3 d6 8.d4 cxd4 9.exd4
Be7 10.d5 e5 11.Nh4 Nbd7 12.Nf5 O-O 13.Bg5 Re8 14.Ne4 h6 15.Bh4 Qc7 16.Nxe7+
Rxe7 17.Bxf6 Nxf6 18.Nxf6+ gxf6 19.Qh5 Kg7 20.Qg4+ Kh8 21.Be4 Bc8 22.Bf5 Bxf5
23.Qxf5 Kg7 24.Qg4+ Kh7 25.b4 Qc8 26.Qh4 Kg7 27.Rac1 Rc7 28.Rc2 Qf5 29.Rfc1 Rac8
30.Rc3 Qg5 31.Qe4 f5 32.Qe2 Qg4 33.f3 Qd4+ 34.Kg2 e4 35.fxe4 Qxe4+ 36.Qxe4 fxe4
37.Kf2 Kf6 38.Ke3 Ke5 39.g4 Rg8 40.h3 h5 41.gxh5 f5 42.h6 Rg2 43.a4 f4#

[Event "2.Bl-West"]
[Site "Dornbirn"]
[Date "2004.01.16"]
[Round "6"]
[Board "1"]
[White "Micheli, Carlo"]
[Black "Halasz, Tamas"]
[Result "0-1"]
[WhiteElo "2360"]
[BlackElo "2383"]
[PlyCount "128"]

1.e4 e5 2.Nf3 Nf6 3.Nxe5 d6 4.Nf3 Nxe4 5.d4 d5 6.Bd3 Nc6 7.O-O Bg4 8.c4 Nf6
9.cxd5 Bxf3 10.Qxf3 Qxd5 11.Qxd5 Nxd5 12.Nc3 O-O-O 13.Be4 Nf6 14.Bxc6 bxc6
15.Be3 Nd5 16.Rac1 Bd6 17.Rfe1 Rhe8 18.g3 Re6 19.Bg5 Rde8 20.Rxe6 Rxe6 21.Kf1
Kd7 22.a3 f5 23.Bd2 g6 24.Ne2 Be7 25.Rc4 Nb6 26.Rc2 g5 27.Ng1 g4 28.Ne2 Re4
29.Rc3 Nd5 30.Rd3 Bf6 31.Be3 Kd6 32.Ke1 h5 33.Kd2 h4 34.Rb3 Re8 35.Kd3 h3 36.Bd2
Kd7 37.a4 Be7 38.a5 a6 39.Rb7 Ra8 40.Nf4 Bd6 41.Ne2 Nf6 42.Nc3 Nh5 43.Ne2 c5
44.dxc5 Bxc5 45.Be3 Bxe3 46.Kxe3 Re8+ 47.Kd2 Re5 48.b4 Nf6 49.Nc3 Nd5 50.Ne2 Kc8
51.Ra7 Nxb4 52.Ra8+ Kb7 53.Rf8 Rxa5 54.Nd4 Ra2+ 55.Kc3 Nd5+ 56.Kd3 Rxf2 57.Rxf5
Rxf5 58.Nxf5 a5 59.Kc4 Kc6 60.Nh6 Nf6 61.Nf7 a4 62.Ne5+ Kd6 63.Nd3 a3 64.Kb3 Kd5

[Event "2.Bl-West"]
[Site "Dornbirn"]
[Date "2004.01.16"]
[Round "6"]
[Board "2"]
[White "Blaskowski, Johannes"]
[Black "Unzicker, Ferdinand"]
[Result "1/2-1/2"]
[WhiteElo "2347"]
[BlackElo "2290"]
[PlyCount "78"]

1.e4 e6 2.d4 d5 3.exd5 exd5 4.Qf3 Nf6 5.h3 c5 6.Bb5+ Nc6 7.Ne2 Qb6 8.Nbc3 cxd4
9.Nxd5 Nxd5 10.Qxd5 Bb4+ 11.c3 dxc3 12.bxc3 Bc5 13.Qe5+ Be6 14.Bxc6+ Qxc6 15.O-O
O-O 16.Nd4 Bxd4 17.cxd4 Bd5 18.Bb2 Rfe8 19.Qg5 h6 20.Qg3 Re2 21.Rfc1 Qe6 22.Bc3
Re8 23.a3 Qf5 24.Re1 R8e6 25.Rxe2 Rxe2 26.Re1 Rxe1+ 27.Bxe1 Qe4 28.Bc3 Kh7
29.Kh2 f6 30.f4 Qc2 31.Bb4 Kg8 32.Be1 Qe4 33.Qf2 Kf7 34.Bb4 b6 35.Qd2 Ke6 36.Bf8
Kf7 37.Bd6 h5 38.Bb8 Ba8 39.d5 Qxd5

[Event "2.Bl-West"]
[Site "Dornbirn"]
[Date "2004.01.16"]
[Round "6"]
[Board "3"]
[White "Deglmann, Ludwig"]
[Black "Grundherr, Martin"]
[Result "1-0"]
[WhiteElo "2262"]
[BlackElo "2327"]
[PlyCount "63"]

1.e4 c6 2.d4 d5 3.e5 Bf5 4.Be3 e6 5.Nd2 Qb6 6.Nb3 Nd7 7.Nf3 Ne7 8.Be2 Ng6 9.O-O
f6 10.Ne1 Ne7 11.Nd3 Bxd3 12.Bxd3 fxe5 13.dxe5 c5 14.f4 O-O-O 15.Qf3 g5 16.c4
Bg7 17.Qg4 h6 18.Rac1 Kb8 19.Kh1 Rhg8 20.Bh7 Rgf8 21.fxg5 Bxe5 22.gxh6 Bxb2
23.Rb1 Rxf1+ 24.Rxf1 dxc4 25.Qxc4 Nd5 26.Bxc5 Qc7 27.Bd3 Rc8 28.Bd4 Qd6 29.Bxa7+
Kxa7 30.Qxc8 Ne3 31.Be4 Qb6 32.Rb1

[Event "2.Bl-West"]
[Site "Dornbirn"]
[Date "2004.01.16"]
[Round "6"]
[Board "4"]
[White "Eybl, Alexander"]
[Black "Hoellrigl, Wilfried"]
[Result "1-0"]
[WhiteElo "2251"]
[BlackElo "2200"]
[PlyCount "127"]

1.c4 c5 2.g3 Nc6 3.Bg2 g6 4.Nc3 Bg7 5.Nh3 Nf6 6.Nf4 O-O 7.O-O d6 8.d3 Ne8 9.Bd2
e5 10.Nfd5 Nc7 11.Nxc7 Qxc7 12.Nd5 Qd8 13.Rb1 Rb8 14.a3 Be6 15.b4 Qd7 16.b5 Ne7
17.Nxe7+ Qxe7 18.Qa4 b6 19.Qc2 Qd7 20.Rfc1 f5 21.a4 f4 22.a5 Bh3 23.Bc3 h5
24.Bd5+ Kh7 25.f3 Bh6 26.Bd2 Be6 27.Bxe6 Qxe6 28.Kg2 Bg7 29.Bc3 Bh6 30.Bd2 Bg7
31.Rb3 d5 32.cxd5 Qxd5 33.Qc4 Qd7 34.axb6 axb6 35.Ra3 e4 36.Bxf4 exf3+ 37.exf3
Rbe8 38.Ra2 Bd4 39.Qa4 Qf5 40.Qd1 Be3 41.Ra7+ Kh8 42.Rc4 Bd4 43.h4 Re6 44.Qd2 g5
45.hxg5 h4 46.Rca4 hxg3 47.Ra8 Rxa8 48.Rxa8+ Kg7 49.Ra7+ Kg6 50.Kxg3 Re8 51.Rc7
Rh8 52.Rc6+ Kg7 53.Rh6 Rxh6 54.gxh6+ Kh7 55.Qg2 Qxd3 56.Qh3 Qg6+ 57.Qg4 Bb2
58.Qxg6+ Kxg6 59.Kf2 Kf5 60.Bc7 Bd4+ 61.Ke2 c4 62.h7 Kg6 63.Bxb6 Bc3 64.Ba5

[Event "2.Bl-West"]
[Site "Dornbirn"]
[Date "2004.01.16"]
[Round "6"]
[Board "5"]
[White "Sprenger, Wendelin"]
[Black "Astl, Peter"]
[Result "1/2-1/2"]
[WhiteElo "2153"]
[BlackElo "2240"]
[PlyCount "71"]

1.e4 c6 2.d4 d5 3.e5 Bf5 4.Nc3 Qb6 5.Na4 Qc7 6.Nc5 e6 7.Nb3 c5 8.Nxc5 Bxc5
9.Bb5+ Nc6 10.Bxc6+ bxc6 11.dxc5 Qxe5+ 12.Ne2 Qe4 13.O-O Qxc2 14.Qxc2 Bxc2
15.Nd4 Ba4 16.Re1 Kd7 17.b3 Bb5 18.Nxb5 cxb5 19.c6+ Kc8 20.Bd2 Nf6 21.a4 Ne4
22.Bb4 bxa4 23.Rxa4 Kc7 24.Ra6 Rhb8 25.Ba5+ Kc8 26.b4 Rb5 27.Rc1 Nd6 28.Rc5 Rxc5
29.bxc5 Nc4 30.Bb6 Rb8 31.Rxa7 Nxb6 32.c7 Rb7 33.Rxb7 Kxb7 34.cxb6 e5 35.Kf1 e4
36.Ke2

[Event "2.Bl-West"]
[Site "Dornbirn"]
[Date "2004.01.16"]
[Round "6"]
[Board "1"]
[White "Westermeier, Arnulf"]
[Black "Heinzel, Olaf"]
[Result "1/2-1/2"]
[WhiteElo "2297"]
[BlackElo "2358"]
[PlyCount "42"]

1.e4 d5 2.exd5 Nf6 3.d4 Nxd5 4.Be2 g6 5.Nf3 Bg7 6.O-O O-O 7.c4 Nb6 8.h3 Nc6
9.Be3 e5 10.dxe5 Nxe5 11.Nxe5 Bxe5 12.Nc3 Be6 13.Qb3 c6 14.Rad1 Qh4 15.f4 Bc7
16.Ne4 Bf5 17.Nd6 Bxh3 18.gxh3 Qg3+ 19.Kh1 Qxh3+ 20.Kg1 Qg3+ 21.Kh1 Qh3+

[Event "2.Bl-West"]
[Site "Dornbirn"]
[Date "2004.01.16"]
[Round "6"]
[Board "2"]
[White "Bayer, Bernhard"]
[Black "Juergens, Klaus"]
[Result "1-0"]
[WhiteElo "2298"]
[BlackElo "2162"]
[PlyCount "152"]

1.d4 Nf6 2.Nf3 g6 3.c4 Bg7 4.Nc3 O-O 5.e4 d6 6.Be2 e5 7.O-O exd4 8.Nxd4 Re8 9.f3
Nc6 10.Be3 Nh5 11.f4 Nf6 12.Bf3 Bg4 13.Nxc6 Bxf3 14.Qxf3 bxc6 15.Rae1 Qc8 16.Bd4
Qg4 17.Qd3 Qh5 18.h3 Nd7 19.Bxg7 Kxg7 20.Qd4+ f6 21.Kh2 Qc5 22.Qd3 a5 23.b3 Re7
24.Qg3 Rae8 25.Kh1 Qh5 26.Qf2 Qc5 27.Qh4 Qd4 28.Rf3 f5 29.Rd1 Qf6 30.Qxf6+ Kxf6
31.exf5 gxf5 32.Kg1 Nc5 33.Kf2 h5 34.Kf1 Re3 35.Rxe3 Rxe3 36.Ne2 Ne4 37.Nd4 c5
38.Nf3 a4 39.bxa4 Ra3 40.Kg1 Rxa2 41.Nh4 Nc3 42.Rd3 Ne2+ 43.Kf1 Nd4 44.Rg3 Rxa4
45.Rg6+ Kf7 46.Rh6 Rxc4 47.Rxh5 Kf6 48.g4 fxg4 49.hxg4 Ne6 50.Ng2 Rc1+ 51.Kf2
Rc2+ 52.Kf1 Rd2 53.Rh6+ Kf7 54.f5 Ng5 55.Ne3 Ne4 56.Ke1 Rd4 57.Rh7+ Kf6 58.Rxc7
Kg5 59.Rg7+ Kf4 60.Nd1 Kf3 61.g5 Rc4 62.Re7 Nxg5 63.Re3+ Kf4 64.Rd3 Re4+ 65.Kf2
Re5 66.f6 Ne4+ 67.Kg2 Rg5+ 68.Kf1 Rf5 69.Ne3 Nd2+ 70.Ke2 Ne4 71.Nxf5 Nxf6
72.Nxd6 Ng4 73.Nb7 Ne5 74.Rc3 c4 75.Nd6 Kg5 76.Nxc4 Kf6